[Event "TUR Cup"]
[Site "Denizli"]
[Date "2023.07.18"]
[Round "4"]
[White "Sahin, Burak Doga"]
[Black "Orak, Yunus"]
[Result "1-0"]
[WhiteElo "1599"]
[BlackElo "1630"]
[PlyCount "59"]
[EventDate "2023.07.16"]
[EventType "team-tourn"]
[EventRounds "9"]
[EventCountry "TUR"]
[SourceTitle "CBM 215 Extra"]
[Source "ChessBase"]
[SourceDate "2023.09.30"]
[SourceVersion "1"]
[SourceVersionDate "2023.09.30"]
[SourceQuality "1"]

1. e4 c5 2. Nc3 d6 3. f4 g6 4. Nf3 Bg7 5. Bc4 Nc6 6. 0-0 Nf6 7. d3 Bg4 8. h3 Bxf3 9. Qxf3 Nd4 10. Qd1 e6 11. a4 Qc7 12. Nb5 Nxb5 13. Bxb5+ Nd7 14. f5 gxf5 15. exf5 0-0-0 16. fxe6 fxe6 17. Rf7 Be5 18. Bg5 Bxb2 19. Rb1 Bd4+ 20. Kh1 a6 21. Bxd8 Rxd8 22. Bxd7+ Rxd7 23. Rf8+ Rd8 24. Qf3 d5 25. Rxd8+ Qxd8 26. Qf7 b6 27. Qxe6+ Kb7 28. Rf1 a5 29. Rf7+ Ka6 30. Qc6 1-0